00636cam a22002051 4500001001300000003000400013005001700017008004100034010001700075035002000092040002000112043001200132050001800144100002100162245010800183260005200291300002000343650005000363999001700413sa 65004625 DLC20260227112132.0860417s1962 io 000 0 eng  asa 65004625  a(OCoLC)13448115 aDLCcIDeKNdDLC aa-io---00aPL5095.E3bS81 aSuradi, Bintang.10aContemporary progressive Indonesian poetry /ctranslated and edited with an introd., by Bintang Suradi. aDjakarta :bLeague of People's Culture,c[1962] a95 p. ;c22 cm. 0aIndonesian poetryxTranslations into English. c63855d63855